000
00318nam a2200121 a 4500
005
20140414131903.0
008
100921s19uu xx 00 eng d
050
_a
FIC
_b
G75 2007
100
_a
Grace, N.B
245
_a
High school musical. Crunch time.
260
_a
New York :
_b
Disney Press,
_c
2007.
999
_c
110751
_d
110751